LEADER 01463nam a2200313 u 4500 001 000000066354 003 CaOOAMICUS 005 20070226121551.0 008 020111m19461947fr u000 u fre u 035 $a10916260 040 $aPUL(R)$bita 100 1 $aRousseau, Jean-Jacques,$d1712-1778.$0(OLS)http://pul/name/9887 245 14$aLes confessions /$cJ.-J. Rousseau; édition intégrale publiée sur le texte autographe conservé a la Bibliothèque de Genève, précédée d'une introduction et suivie de notes et d'un index par Ad. van Bever. 260 $aParis :$bGarnier,$cstampa 1946-1947. 300 $a3 v. ;$c19 cm 490 1 $aClassiques Garnier 504 $aContiene indicazioni bibliografiche. 700 1 $aBever, Adolphe van,$d1871-$0(OLS)http://pul/name/44467 830 0$aClassiques Garnier.$0(OLS)http://pul/title/36788 850 $aPUL 852 $aPUL$W1$xDP2 Filosofia 1$y62$m84 C 29$j85795$nBK-PRI$bv. 3$qStampati$B85797$CPULBib$Z2$F85797 $81 852 $aPUL$W1$xDP2 Filosofia 1$y62$m84 C 27$j190363$nBK-PRI$bv. 1$qStampati$B85795$CPULBib$Z2$F85795 $81 852 $aPUL$W1$xDP2 Filosofia 1$y62$m84 C 28$j190364$nBK-PRI$bv. 2 $qStampati$B85796$CPULBib$Z2$F85796 $81 941 1 $a8 961 $aINV: 18065-18067 961 $aINV: 18065-18067 961 $aINV: 18065-18067 996 $6245$aLes confessions$9(OLS)http://pul/title/20448 996 $6260$aParis :$bGarnier$9(OLS)http://pul/publisher/50372 LEADER 01002nam a2200277 a 4500 001 000000170390 003 CaOOAMICUS 005 20181109151029.0 008 181109s1997 it u000 u ita r 020 $a88-15-05705-6* 032 $aLibriCat 040 $aPUL$bita 100 1 $aPadoa Schioppa, Tommaso.$0(OLS)http://pul/name/32770 245 13$aIl governo dell'economia / $cTommaso Padoa-Schioppa . 260 $aBologna :$bIl Mulino,$c©1997. 300 $a95 p. ;$c18 cm. 490 1 $aTendenze ;$v16 650 4$aEconomia.$0(OLS)http://pul/subject/1893 830 0$aTendenze ;$v16.$0(OLS)http://pul/title/76219 850 $aPUL 852 $aPUL$W1$xDP1 Fondo De Girolamo$y124$m1 B 39$j73313$qFondi$B198680$CPULBib$Z2$F198680 $81 941 1 $a1 996 $6020$a88-15-05705-6*$9(OLS)http://pul/number/165241 996 $6245$aIl governo dell'economia / $9(OLS)http://pul/title/211148 996 $6260$aBologna :$bIl Mulino$9(OLS)http://pul/publisher/47928